000 01463nam a22002177a 4500
999 _c3470
_d3470
005 20240126142133.0
008 240126b ||||| |||| 00| 0 eng d
020 _a9780552578639
040 _cKH8
082 _a823.92 WIL
100 _aWilson, Jacqueline
_eAuthor
245 _aThe runaway girls/
_cJacqueline Wilson
260 _aEngland,
_bDoubleday, London,
_c2021
300 _a302 pages :
_billustrations ;
_c22 cm.
520 _aVictorian London, 1851. Queen Victoria is on the throne and the Great Exhibition is about to open! Lucy Locket lives with her father, the New Mother and the New Baby. They sent away her beloved Nurse and replaced her with a horrid governess. Lucy desperately wants someone to be kind to her, and to have some fun, there's very little of that in her house. Kitty Fisher is a street performer who earns tin for her supper by tumbling. She has always lived on the street and on her wits, with only the kind Gaffer to help her. But now Gaffer is gone, and Kitty is all alone. When Lucy runs away from home, Kitty shows Lucy how to survive, where to find the best picnic leftovers in the park, and which trees makes the best beds. Lucy learns quickly and shows Kitty her own skills, befriending families to get free meals and singing beautiful melodies for the crowds
521 _a Children's stories
650 _aChildren's stories
650 _y1800-1899
700 _aNick Sharratt
_eIllustrator
942 _2ddc
_cFIC